000 00435nam a22001697a 4500
003 BUBTL
008 210218b xxu||||| |||| 00| 0 eng d
082 _a340.56
245 _aCivil Reference (2001-2005)
250 _a1st
260 _aDhaka
_bBangladesh Law Chronicles
_cc2006
300 _a[44] , 292p . :
_b24 cm.
650 _aLaw
_93932
856 _k0
_l0
_yDownload
942 _2ddc
_cBK
999 _c6456
_d6456